Sociology of Indian Society / (Record no. 1058)

MARC details
000 -LEADER
Fixed length control field 00492nam a2200181 4500
003 - CONTROL NUMBER IDENTIFIER
Control field SEACOMMC
005 - DATE AND TIME OF LATEST TRANSACTION
Control field 20250502113753.0
008 - FIXED-LENGTH DATA ELEMENTS--GENERAL INFORMATION
Fixed length control field 250206b |||||||| |||| 00| 0 eng d
020 ## - INTERNATIONAL STANDARD BOOK NUMBER / ISBN
International Standard Book Number 978-81-2192403-0
Price Rs.300.00
040 ## - CATALOGING SOURCE
Original cataloging agency SEACOMMC
082 ## - DEWEY DECIMAL CLASSIFICATION NUMBER
Classification number 301.09
Book Number R 215
100 ## - MAIN ENTRY--PERSONAL NAME
Personal name Rao, C. N. Shanka
245 1# - TITLE STATEMENT
Title Sociology of Indian Society /
Statement of responsibility C. N. Shankar Rao
250 ## - EDITION STATEMENT
Edition statement rev.ed.
260 ## - IMPRINT
Place of publication New Delhi
Name of publisher S.Chand Publishers
Date of publication 2008
650 ## - SUBJECT ADDED ENTRY--TOPICAL TERM
Topical term Society Religion
942 ## - ADDED ENTRY ELEMENTS (KOHA)
Koha item type Books
Holdings
Withdrawn status Lost status Source of classification Damaged status Not for loan Home library Current library Shelving location Date acquired Total Checkouts Call number Accession number Date last seen Price effective from Koha item type Copy number
    Dewey Decimal Classification     SEACOM MANAGEMENT COLLEGE SEACOM MANAGEMENT COLLEGE Reference 22/07/2008   301.09 R 215 M-1927 06/02/2025 06/02/2025 Books  
    Dewey Decimal Classification     SEACOM MANAGEMENT COLLEGE SEACOM MANAGEMENT COLLEGE   22/07/2008   301.09 R 215 M-1928 06/02/2025 06/02/2025 Books 1
    Dewey Decimal Classification     SEACOM MANAGEMENT COLLEGE SEACOM MANAGEMENT COLLEGE   22/07/2008   301.09 R 215 M-1929 06/02/2025 06/02/2025 Books 2
© Seacom Engineering College, All rights reserved.    Powered by Koha